000 01590nam a2200277 a 4500
001 000021581
003 DO-SdBNP
005 20240410103359.0
007 ta
008 100909t1996 dr ac 001 0dspa d
040 _aDO-SdBNP
_bspa
_cBNPHU
082 _a972.93053
_bG934t
100 _aGuerrero, Miguel,
_d1945-
_914303
245 1 0 _aTrujillo y los héroes de junio /
_cMiguel Guerrero ; prólogo Adriano Miguel Tejada.
260 _aSanto Domingo :
_bCorripio,
_c1996.
300 _a342 p. :
_bil., retrs. ;
_c24 cm.
500 _aIncluye índice de nombres.
504 _aBibliografía : p. 331-334.
505 0 _aA manera de explicación y de agradecimiento --
_tUnos recuerdos (a manera de prólogo) /
_rAdriano Miguel Tejada --
_tLlegaron llenos de patriotismo --
_tLos héroes de junio --
_tCastro rompe relaciones con Trujillo --
_tVentura Simó y el informe Rundt --
_tLa guerra pasa al consejo de la OEA --
_tEntre debates e insultos --
_tLos "Amigos" recomiendan prudencia a Trujillo --
_tLa diplomacia Trujillista --
_tUn memorandum confidencial --
_tEl temor al exilio --
_t"Como una bomba de hidrógeno" --
_tUn asunto de guerra fria --
_tTodo se derrumba --
_tEpílogo --
_tBreve y necesaria explicación final --
_tAnexos --
_tBibliografía --
_tÍndice de nombres.
590 _aInventariado 2022 / DG
600 1 0 _aTrujillo Molina, Rafael Leónidas,
_d 1891-1961
_976764
650 4 _aGuerrillas
_zRepública Dominicana
_xHistoria
_97270
651 0 _aRepública Dominicana --
_xHistoria --
_yInvasión , 1959
_97269
910 _aValidado. Control de calidad EMS.
942 _2ddc
_cLBS1
999 _c21080
_d21080